Państwa - miasta - Statystyki

Ogólne statystyki
  • Ten quiz został rozwiązany 17 razy
  • Średni wynik to 6 z 13
Statystyki odpowiedzi
Miasto Państwo % Poprawnych
Kolkata Indie
87%
Fukuoka Japonia
87%
Harbin Chiny
73%
Alwernia Polska
73%
Turku Finlandia
67%
Sziraz Iran
60%
Madinat as-Sadis min Uktubar Egipt
53%
Al-Wakra Katar
47%
Vang Vieng Laos
47%
La Croix Haiti
20%
Abanacay Peru
20%
Luena Angola
7%
Goikul Palau
0%
Nie znaleziono quizów pasujących do podanych kryteriów
Rozkład punktacji
Procent ludzi z każdym wynikiem
Percentyl według liczby udzielonych odpowiedzi
Twoja historia wyników
Nie rozwiązałeś tego quizu